Statistiques concernant Reliez l'acteur au film

Cliquez ici pour prendre le quiz!

Statistiques générales

  • Ce quiz a été pris 933 fois
    (836 depuis la dernière actualisation)
  • Le résultat moyen est 11 sur 15

Statistiques - réponses

HintRéponse% Correct
Le ParrainAl Pacino
93%
Indiana JonesHarrisson Ford
85%
A star is bornBradley Cooper
83%
The Truman ShowJim Carrey
83%
InceptionLeonardo Dicaprio
79%
Je suis une légendeWill Smith
75%
ShiningJack Nicholson
71%
Seul au mondeTom Hanks
71%
GladiatorRussell Crowe
68%
Le silence des agneauxAnthony Hopkins
67%
Les évadésMorgan Freeman
64%
Fight ClubEdward Norton
63%
Marriage StoryAdam Driver
57%
Tu ne tueras pointAndrew Garfield
52%
Orange mécaniqueMalcolm Mcdowell
49%

Distribution des résultats

Percentile par nombre de réponses

% des personnes avec chaque résultat

Votre développement - résultats

Vous n’avez pas pris ce quiz depuis la dernière actualisation